| 000 | 00362nam a2200133Ia 4500 | ||
|---|---|---|---|
| 005 | 20260328104317.0 | ||
| 008 | 260328s9999||||xx |||||||||||||| ||und|| | ||
| 100 | _aMorgan, Lewis | ||
| 245 | 0 |
_aHouses and Houses - Life of the Amercan AbOrigines / _cLewis Morgan |
|
| 260 | _bUniversity of Chicago Press | ||
| 300 | _a319 p. | ||
| 650 | _aHISTORIA | ||
| 942 | _cBK | ||
| 999 |
_c11206 _d11206 |
||